| 000 | 01450nam0a22003131 4500 | ||
|---|---|---|---|
| 001 | 2561040 | ||
| 005 | 20251118181703.7 | ||
| 035 | _a(NLR Aleph) 006438573 | ||
| 090 |
_a5619357 _c5619357 |
||
| 100 | _a20251123 rusy50 | ||
| 101 | 0 | _arus | |
| 102 | _aRU | ||
| 105 | _ay z ||||| | ||
| 200 | 1 |
_aРеактивность организма при мышечной деятельности и ее возрастные особенности _e[Сб. статей _fРедкол.: С.С. Полтырев (отв. ред.) и др.] |
|
| 210 |
_aЯрославль _cЯГПИ _d1979 (обл. 1980) |
||
| 215 |
_a112 с. _d20 |
||
| 225 | 1 |
_aМежвузовский сборник научных трудов _fЯросл. гос. пед. ин-т им. К.Д. Ушинского _vВып. 184 |
|
| 320 | _aБиблиогр. в конце статей | ||
| 606 |
_aРеактивность организма _jСборники _xВлияние мышечной работы _2psbo |
||
| 606 |
_aМышечная работа _xВлияние на организм _jСборники _xВозрастные особенности _2psbo |
||
| 686 |
_aЕ985я43 _2rubbk |
||
| 702 | 1 |
_aПолтырев _bС.С. _gСавелий Соломонович _4340 |
|
| 801 | 0 |
_aRU _bNLR _gpsbo |
|
| 801 | 1 |
_aRU _bELAR _2rusmarc |
|
| 852 |
_aNLR _jDesideratum |
||
| 899 |
_aRuMoRGB _jЯ 22/342 |
||
| 899 |
_aRuMoRGB _jЯ 22/344 |
||
| 942 | _cBOOK | ||
| 980 | _aNB | ||